Measuring financial performance in infrastructure (Record no. 50856)

MARC details
000 -LEADER
fixed length control field 00727nam a2200181 a 4500
008 - FIXED-LENGTH DATA ELEMENTS--GENERAL INFORMATION
fixed length control field 061213s2006 ||||||||||||||||| || u
050 ## - LIBRARY OF CONGRESS CALL NUMBER
Classification number IBRD(08)PRWP/3992
100 ## - MAIN ENTRY--PERSONAL NAME
Personal name Ebinger, Jane O
245 10 - TITLE STATEMENT
Title Measuring financial performance in infrastructure
246 ## - VARYING FORM OF TITLE
Title proper/short title an application to Europe and Central Asia
260 ## - PUBLICATION, DISTRIBUTION, ETC.
Place of publication, distribution, etc. Washington, D. C.
Name of publisher, distributor, etc. World Bank
Date of publication, distribution, etc. 2006
300 ## - PHYSICAL DESCRIPTION
Extent 24p.;ill.
350 ## - PRICE (NR) (BK AM CF MU VM SE) [OBSOLETE]
Price 0.00
490 ## - SERIES STATEMENT
Series statement World Bank policy research working papers
650 #0 - SUBJECT ADDED ENTRY--TOPICAL TERM
Topical term or geographic name entry element ECONOMICS
650 ## - SUBJECT ADDED ENTRY--TOPICAL TERM
Topical term or geographic name entry element HIDDEN COSTS--RESEARCH--EUROPE AND CENTRAL ASIA
995 ## - RECOMMENDATION 995 [LOCAL, UNIMARC FRANCE]
-- 0.00
-- CBU-MAIN LIBRARY (Kitwe)
-- 1
-- 0.00
-- 1
-- AVAILABLE
-- Dec 13, 2006
-- International Publications
Holdings
Withdrawn status Lost status Source of classification or shelving scheme Damaged status Not for loan Home library Current library Shelving location Date acquired Total Checkouts Full call number Barcode Date last seen Price effective from Koha item type
          CBU-MAIN LIBRARY, KITWE. CBU-MAIN LIBRARY, KITWE.   11/30/2022   IBRD(08)PRWP/3992 Z03001565 11/30/2022 11/30/2022 MONOGRAPH